Organos de referencia ibéricos e iberoamericanos en la gestión pública del hecho religioso

I tiakina i:
Ngā taipitopito rārangi puna kōrero
Kaituhi matua: González Sánchez, Marcos
Hōputu: Pukapuka
Reo:Pāniora
I whakaputaina: Pamplona Aranzadi 2017
Putanga:1a. ed
Rangatū:Estudios
Ngā marau:
Ngā Tūtohu: Tāpirihia he Tūtohu
Kāore He Tūtohu, Me noho koe te mea tuatahi ki te tūtohu i tēnei pūkete!

MARC

LEADER 00000cam a2200000 a 4500
001 UCD8017
003 CL-VaPUC
008 170422e20170000sp |||||||||||||||||spa|d
020 |a 9788491521723 
082 0 4 |a 262.9  |b GON  |2 21 
100 |a González Sánchez, Marcos  |9 631066 
245 1 0 |a Organos de referencia ibéricos e iberoamericanos en la gestión pública del hecho religioso 
250 |a 1a. ed 
300 |a 226 p 
942 |c BK 
945 |d 20170422 00:05:00  |a dcastane 
260 |a Pamplona  |b Aranzadi  |c 2017 
650 7 |a LIBERTAD RELIGIOSA  |2 CL-VaPUC  |9 591876 
650 7 |a LIBERTAD DE CULTO  |2 CL-VaPUC  |9 403246 
583 |a last modification  |c 20190110 01:32:50  |k Rodrigo Vera 
490 0 |a Estudios 
999 |c 367798  |d 367796 
952 |0 0  |1 0  |3 erb  |4 0  |6 262_900000000000000_GON_2017  |7 0  |8 A  |9 482880  |a BIBDER  |b BIBDER  |i 537331K  |o 262.9 GON 2017  |p 537331K  |r 2023-01-25  |w 2019-11-24  |y BK  |z Catalogado en:20170422  |k DER